| 000 | 00482nam a2200181Ia 4500 | ||
|---|---|---|---|
| 003 | OSt | ||
| 005 | 20140311163135.0 | ||
| 008 | 140130s9999 xx 000 0 und d | ||
| 020 | _a0590454528 | ||
| 050 |
_aPZ 8.3 _b.Se4684Ch 1992 |
||
| 100 |
_aSendak, Maurice. _929285 |
||
| 245 |
_cMaurice Sendak. _aChicken soup with rice / |
||
| 260 |
_bScholastic Inc, _cc1992. _aUSA : |
||
| 300 |
_a30 p. : _bill. col. ; _c15 cm. |
||
| 440 |
_v1 _930929 |
||
| 942 |
_cBK _2lcc |
||
| 999 |
_c41581 _d41581 |
||